Every Premier League Goalscorer (1995/96) - Statistics

General Stats
  • This quiz has been taken 80 times
  • The average score is 75 of 241
Answer Stats
Player Club Goals % Correct
Alan Shearer Blackburn Rovers 31
86%
Ryan Giggs Manchester United 11
82%
Alan Wright Aston Villa 2
80%
Andy Cole Manchester United 11
80%
David Beckham Manchester United 7
80%
Mark Wright Liverpool 2
80%
Éric Cantona Manchester United 14
77%
Ian Wright Arsenal 15
77%
Paul Scholes Manchester United 10
77%
Robbie Fowler Liverpool 28
77%
Teddy Sheringham Tottenham Hotspur 16
75%
Tony Adams Arsenal 1
75%
Dwight Yorke Aston Villa 17
73%
Les Ferdinand Newcastle United 25
73%
David Hughes Southampton 1
68%
Mark Hughes Chelsea 8
68%
Matt Le Tissier Southampton 7
68%
Dennis Bergkamp Arsenal 11
66%
Nicky Butt Manchester United 2
66%
Dion Dublin Coventry City 14
64%
Duncan Ferguson Everton 5
64%
Steve Bruce Manchester United 1
64%
Vinnie Jones Wimbledon 3
64%
Denis Irwin Manchester United 1
61%
Paul Merson Arsenal 5
61%
Lee Dixon Arsenal 2
59%
Roy Keane Manchester United 6
59%
Gary Pallister Manchester United 1
57%
Tommy Johnson Aston Villa 5
57%
Andrei Kanchelskis Manchester United 16
55%
Ian Rush Liverpool 5
55%
Steve McManaman Liverpool 6
55%
Darren Anderton Tottenham Hotspur 2
52%
Dennis Wise Chelsea 7
52%
Gary Speed Leeds United 2
52%
Kevin Campbell Nottingham Forest 3
52%
Lee Sharpe Manchester United 4
52%
Sol Campbell Tottenham Hotspur 1
52%
David Ginola Newcastle United 5
50%
Gary McAllister Leeds United 5
50%
Jamie Redknapp Liverpool 3
50%
John Barnes Liverpool 3
50%
Nigel Winterburn Arsenal 2
50%
Peter Beardsley Newcastle United 8
50%
Stan Collymore Liverpool 14
50%
David Lee Bolton Wanderers | Chelsea 1
48%
David Platt Arsenal 6
48%
Ian Taylor Aston Villa 3
48%
Jason Lee Nottingham Forest 8
48%
Niall Quinn Manchester City 8
48%
Rob Lee Newcastle United 8
48%
Tim Sherwood Blackburn Rovers 3
48%
Tony Yeboah Leeds United 12
48%
Brian McClair Manchester United 3
45%
Colin Hendry Blackburn Rovers 1
45%
John Hendrie Middlesbrough 1
45%
Stuart Pearce Nottingham Forest 3
45%
David Batty Blackburn Rovers | Newcastle United 1
43%
Frank Sinclair Chelsea 1
43%
Ian Pearce Blackburn Rovers 1
43%
Julian Watts Sheffield Wednesday 1
43%
Juninho Middlesbrough 2
43%
Neil Ruddock Liverpool 5
43%
Trevor Sinclair Queens Park Rangers 2
43%
Uwe Rösler Manchester City 9
43%
Chris Waddle Sheffield Wednesday 2
41%
Dave Watson Everton 1
41%
David Hirst Sheffield Wednesday 12
41%
David May Manchester United 1
41%
Georgi Kinkladze Manchester City 4
41%
Gordon Watson Southampton 3
41%
Graeme Le Saux Blackburn Rovers 1
41%
Mark Bright Sheffield Wednesday 8
41%
Nicky Barmby Middlesbrough 7
41%
Steve Watson Newcastle United 3
41%
Tony Cottee West Ham United 10
41%
Brian Deane Leeds United 7
39%
Jason Wilcox Blackburn Rovers 3
39%
John Hartson Arsenal 4
39%
Lee Clark Newcastle United 2
39%
Michael Thomas Liverpool 1
39%
Rod Wallace Leeds United 1
39%
Nigel Clough Manchester City 2
36%
Paul Williams Coventry City 2
36%
Ruel Fox Tottenham Hotspur 6
36%
Ruud Gullit Chelsea 3
36%
David White Leeds United 1
34%
Dean Holdsworth Wimbledon 10
34%
Gareth Southgate Aston Villa 1
34%
Julian Dicks West Ham United 10
34%
Noel Whelan Coventry City 8
34%
Paul Rideout Everton 6
34%
Phil Whelan Middlesbrough 1
34%
Alan Thompson Bolton Wanderers 1
32%
Andy Clarke Wimbledon 2
32%
Carlton Palmer Leeds United 2
32%
David Unsworth Everton 2
32%
Keith Gillespie Newcastle United 4
32%
Robbie Earle Wimbledon 11
32%
Stephen Howe Nottingham Forest 2
32%
Steve Stone Nottingham Forest 7
32%
Anders Limpar Everton 3
30%
Chris Armstrong Tottenham Hotspur 15
30%
Chris Morris Middlesbrough 2
30%
Danny Dichio Queens Park Rangers 10
30%
Gavin Peacock Chelsea 5
30%
Graham Stuart Everton 9
30%
Paul Kitson Newcastle United 2
30%
Philippe Albert Newcastle United 4
30%
Savo Milošević Aston Villa 12
30%
Tony Dorigo Leeds United 1
30%
Alan Stubbs Bolton Wanderers 4
27%
Andy Hinchcliffe Everton 2
27%
Andy Townsend Aston Villa 2
27%
Daniel Amokachi Everton 6
27%
Dan Petrescu Chelsea 2
27%
Efan Ekoku Wimbledon 7
27%
Kevin Gallacher Blackburn Rovers 2
27%
Nicky Summerbee Manchester City 1
27%
Steve Lomas Manchester City 3
27%
Faustino Asprilla Newcastle United 3
25%
Jason Dodd Southampton 2
25%
John Spencer Chelsea 13
25%
Paul Dickov Arsenal 1
25%
Peter Ndlovu Coventry City 5
25%
Robbie Mustoe Middlesbrough 1
25%
Steve Harkness Liverpool 1
25%
Ugo Ehiogu Aston Villa 1
25%
Bradley Allen Queens Park Rangers 1
23%
Bryan Roy Nottingham Forest 8
23%
Chris Allen Nottingham Forest 1
23%
Don Hutchison West Ham United 2
23%
Eddie Newton Chelsea 1
23%
Gareth Hall Chelsea 1
23%
Ian Woan Nottingham Forest 8
23%
Marcus Gayle Wimbledon 5
23%
Mark Draper Wimbledon 2
23%
Martin Allen West Ham United 1
23%
Mike Newell Blackburn Rovers 3
23%
Neil Shipperley Southampton 7
23%
Paul Furlong Chelsea 3
23%
Richard Hall Southampton 1
23%
Vinny Samways Everton 1
23%
Andy Todd Bolton Wanderers 2
20%
Barry Horne Everton 1
20%
Colin Cooper Nottingham Forest 5
20%
David Busst Coventry City 2
20%
Glenn Helder Arsenal 1
20%
Guy Whittingham Sheffield Wednesday 6
20%
Ian Holloway Queens Park Rangers 1
20%
Jason Euell Wimbledon 2
20%
Julian Joachim Aston Villa 1
20%
Kevin Gallen Queens Park Rangers 8
20%
Lars Bohinen Blackburn Rovers 4
20%
Scott Green Bolton Wanderers 3
20%
Scott Marshall Arsenal 1
20%
Steve Howey Newcastle United 1
20%
Tomas Brolin Leeds United 4
20%
Colin Calderwood Tottenham Hotspur 1
18%
Iain Dowie West Ham United 8
18%
Ian Bishop West Ham United 1
18%
Jan Åge Fjørtoft Middlesbrough 6
18%
Jason Dozzell Tottenham Hotspur 3
18%
Joe Parkinson Everton 3
18%
John Ebbrell Everton 4
18%
John McGinlay Bolton Wanderers 6
18%
Ken Monkou Southampton 2
18%
Neil Cox Middlesbrough 2
18%
Paul McGrath Aston Villa 2
18%
Phil Stamp Middlesbrough 2
18%
Saša Ćurčić Bolton Wanderers 4
18%
Andy Impey Queens Park Rangers 3
16%
Craig Short Everton 2
16%
Graham Fenton Blackburn Rovers 6
16%
John Salako Coventry City 3
16%
Marc Hottiger Everton 1
16%
Mark Pembridge Sheffield Wednesday 2
16%
Nathan Blake Bolton Wanderers 1
16%
Neil Maddison Southampton 1
16%
Paul Telfer Coventry City 1
16%
Craig Hignett Middlesbrough 5
14%
Curtis Fleming Middlesbrough 1
14%
Daniel Williamson West Ham United 4
14%
David Howells Tottenham Hotspur 3
14%
David Wetherall Leeds United 4
14%
Des Lyttle Nottingham Forest 1
14%
Fabian de Freitas Bolton Wanderers 5
14%
Gary Charles Aston Villa 1
14%
Jim Magilton Southampton 3
14%
Marc Degryse Sheffield Wednesday 8
14%
Mixu Paatelainen Bolton Wanderers 1
14%
Øyvind Leonhardsen Wimbledon 4
14%
Regi Blinker Sheffield Wednesday 2
14%
Ronny Rosenthal Tottenham Hotspur 1
14%
Scot Gemmill Nottingham Forest 1
14%
Alan McDonald Queens Park Rangers 1
11%
David Rennie Coventry City 2
11%
Liam Daish Coventry City 1
11%
Mark Hateley Queens Park Rangers 2
11%
Mikhail Kavelashvili Manchester City 1
11%
Richard Jobson Leeds United 1
11%
Richard Sneekes Bolton Wanderers 1
11%
Simon Coleman Bolton Wanderers 1
11%
Steve Vickers Middlesbrough 1
11%
Tommy Widdrington Southampton 2
11%
Eoin Jess Coventry City 1
9%
Gerry Creaney Manchester City 3
9%
Graham Hyde Sheffield Wednesday 1
9%
Graham Kavanagh Middlesbrough 1
9%
Guðni Bergsson Bolton Wanderers 4
9%
Jamie Pollock Middlesbrough 1
9%
Matt Holmes Blackburn Rovers 1
9%
Neil Heaney Southampton 2
9%
Rufus Brevett Queens Park Rangers 1
9%
Simon Barker Queens Park Rangers 5
9%
Tony Grant Everton 1
9%
Jon Goodman Wimbledon 6
7%
Jon Newsome Everton 1
7%
Karl Ready Queens Park Rangers 1
7%
Kit Symons Manchester City 2
7%
Marc Rieper West Ham United 2
7%
Mick Harford Wimbledon 2
7%
Nicholas Marker Blackburn Rovers 1
7%
O'Neill Donaldson Sheffield Wednesday 1
7%
Robbie Slater West Ham United 2
7%
Scott Sellars Bolton Wanderers 3
7%
Billy McKinlay Blackburn Rovers 2
5%
Dani West Ham United 2
5%
Darko Kovačević Sheffield Wednesday 4
5%
Isaías Coventry City 2
5%
Mark Patterson Bolton Wanderers 1
5%
Paul McGregor Nottingham Forest 2
5%
Paul Tisdale Southampton 1
5%
Simon Osborn Queens Park Rangers 1
5%
Stewart Castledine Wimbledon 1
5%
Alan Reeves Wimbledon 1
2%
Chris Freestone Middlesbrough 1
2%
Gerry Taggart Bolton Wanderers 1
2%
Greg Goodbridge Queens Park Rangers 1
2%
No matching quizzes found
Score Distribution
Percent of People with Each Score
Percentile by Number Answered
Your Score History
You have not taken this quiz